书目信息 |
| 题名: |
一九一九年匈牙利苏维埃共和国
|
|
| 作者: | 阚思静 选译 | |
| 分册: | ||
| 出版信息: | 北京 商务印书馆 1984 |
|
| 页数: | 144页 | |
| 开本: | 21cm | |
| 丛书名: | 世界史资料丛刊 | |
| 单 册: | ||
| 中图分类: | K515.42 | |
| 科图分类: | ||
| 主题词: | 近代史-匈牙利--1919 | |
| 电子资源: | ||
| ISBN: | ||
| 000 | 00810nam2 2200277 45 | |
| 001 | 0184012356 | |
| 005 | 20040511172045.6 | |
| 010 | @dCNY0.66 | |
| 091 | @a11017.650 | |
| 100 | @a19950104d1984 em y0chiy0121 ea | |
| 101 | 1 | @achi@chun |
| 102 | @aCN@b110000 | |
| 105 | @ay z 000yy | |
| 106 | @ar | |
| 200 | 10 | @a一九一九年匈牙利苏维埃共和国@Ayi jiu yi jiu nian xiong ya li su wei ai gong he guo@f阚思静选译 |
| 210 | @a北京@c商务印书馆@d1984 | |
| 215 | @a144页@d21cm | |
| 225 | 2 | @a世界史资料丛刊@e现代史部分 |
| 410 | 0 | @120010@a世界史资料丛刊@e现代史部分 |
| 606 | @a近代史-匈牙利@z1919 | |
| 607 | @a匈牙利-近代史@z1919 | |
| 690 | @aK515.42@v3 | |
| 701 | 0 | @a阚思静@Akan si jing@4选译 |
| 801 | 0 | @aCN@b上海图书馆@c20040511 |
| 801 | 2 | @aCN@bNLC@c20040511 |
| 905 | @f2@b212344-345@dK515.42@e3 | |
| 一九一九年匈牙利苏维埃共和国/阚思静选译.-北京:商务印书馆,1984 |
| 144页;21cm.-(世界史资料丛刊:现代史部分) |
| ISBN :CNY0.66 |
| ● |
| 相关链接 |
|
|
|
|
正题名:一九一九年匈牙利苏维埃共和国
索取号:K515.42/3
 
预约/预借
| 序号 | 登录号 | 条形码 | 馆藏地/架位号 | 状态 | 备注 |
| 1 | 0212344 | 001395109 | 第二借阅区/ [索取号:K515.42/3] | 在馆 | |
| 2 | 0212345 | 001395136 | 第二借阅区/ [索取号:K515.42/3] | 在馆 | |
| 3 | 0212346 | 001395118 | 第二样本阅览室/ [索取号:K515.42/3] | 在馆 |